| Tag |
First Indicator |
Second Indicator |
Subfields |
| LEADER |
00000cam a2200000Ii 4500 |
| 001 |
in00003538513 |
| 006 |
m o d |
| 007 |
cr cnu---unuuu |
| 008 |
140825s2002 nyua ob 101 0 eng d |
| 005 |
20260422202600.0 |
| 040 |
|
|
|a GW5XE
|b eng
|e rda
|e pn
|c GW5XE
|d COO
|
| 020 |
|
|
|a 9780387355979 (electronic bk.)
|
| 020 |
|
|
|a 0387355979 (electronic bk.)
|
| 020 |
|
|
|z 9781475765304
|
| 020 |
|
|
|a 1475765304 (print)
|
| 020 |
|
|
|a 9781475765304 (print)
|
| 024 |
7 |
|
|a 10.1007/978-0-387-35597-9
|2 doi
|
| 035 |
|
|
|a (OCoLC)889042950
|
| 050 |
|
4 |
|a TK7874
|
| 082 |
0 |
4 |
|a 004.16
|2 22
|
| 049 |
|
|
|a TXAM
|
| 111 |
2 |
|
|a IFIP TC10/WG10.5 International Conference on Very Large Scale Integration of Systems-on-Chip
|n (11th :
|d 2001 :
|c Montpellier, France)
|
| 245 |
1 |
0 |
|a SOC design methodologies :
|b IFIP TC10/WG10.5 Eleventh International Conference on Very Large Scale Integration of Systems-on-Chip (VLSI-SOC'01), December 3-5, 2001, Montpellier, France /
|c edited by Michel Robert ... [and others].
|
| 264 |
|
1 |
|a New York :
|b Springer,
|c [2002]
|
| 264 |
|
4 |
|c ©2002
|
| 300 |
|
|
|a 1 online resource (xvi, 477 pages) :
|b illustrations.
|
| 336 |
|
|
|a text
|b txt
|2 rdacontent
|
| 337 |
|
|
|a computer
|b c
|2 rdamedia
|
| 338 |
|
|
|a online resource
|b cr
|2 rdacarrier
|
| 490 |
1 |
|
|a International Federation for Information Processing ;
|v 90
|
| 500 |
|
|
|a "Originally published by Kluwer Academic Publishers in 2002."
|
| 504 |
|
|
|a Includes bibliographical references and indexes.
|
| 588 |
|
|
|a Description based on online resource; title from PDF title page (SpringerLink, viewed Aug. 25, 2014).
|
| 520 |
|
|
|a The current trend towards the realization of complex Systems On Chips (SOCs) required the combined efforts and attention of experts in a wide range of areas including embedded hardware/software systems, specific IP cores, reconfigurable architectures, signal and image processing architectures, low power design techniques, design methods and CAD tools, test and verification, modeling, timing issues. Thus the papers presented herein address a wide range of SOC design topics. SOC Design Methodologies comprises a selection of the best papers presented at VLSI-SOC'01, the Eleventh International Conference on Very Large Scale Integration of Systems-on-Chip, which was sponsored by the International Federation for Information Processing (IFIP) Technical Committee 10 / Working Group 10.5, and held in Montpellier, France in December 2001. This volume is essential reading for researchers working on microelectronics system integration, design, and CAD of integrated circuits and systems on chips.
|
| 650 |
|
0 |
|a Integrated circuits
|x Very large scale integration
|v Congresses.
|
| 650 |
|
0 |
|a Systems on a chip
|v Congresses.
|
| 650 |
|
0 |
|a Embedded computer systems
|v Congresses.
|
| 650 |
|
7 |
|a Embedded computer systems.
|2 fast
|0 (OCoLC)fst00908298
|
| 650 |
|
7 |
|a Integrated circuits
|x Very large scale integration.
|2 fast
|0 (OCoLC)fst00975602
|
| 650 |
|
7 |
|a Systems on a chip.
|2 fast
|0 (OCoLC)fst01141473
|
| 655 |
|
7 |
|a Electronic books.
|2 local
|
| 655 |
|
7 |
|a Conference proceedings.
|2 fast
|0 (OCoLC)fst01423772
|
| 700 |
1 |
|
|a Robert, Michel,
|e author.
|
| 710 |
2 |
|
|a SpringerLink (Online service)
|
| 776 |
1 |
8 |
|i Printed edition:
|z 9781475765304
|
| 830 |
|
0 |
|a International Federation for Information Processing (Series) ;
|v 90.
|
| 856 |
4 |
0 |
|u http://proxy.library.tamu.edu/login?url=https://link.springer.com/10.1007/978-0-387-35597-9
|z Connect to the full text of this electronic book
|t 0
|
| 994 |
|
|
|a 92
|b TXA
|
| 999 |
f |
f |
|s e0a83d40-b644-3183-bcfd-78f61c8179a3
|i b3f86373-b363-34b0-944a-1d453e16512c
|t 0
|
| 952 |
f |
f |
|a Texas A&M University
|b College Station
|c Electronic Resources
|s www_evans
|d Available Online
|t 0
|e TK7874
|h Library of Congress classification
|
| 998 |
f |
f |
|a TK7874
|t 0
|l Available Online
|